LEADER 00855nam a2200193 i 4500 001 000000213976 003 CaOOAMICUS 005 20120619000000.0 008 120619s1737 xx u000 u fre u 013 $a192831 026 $aa-1.e.i- e.de nono (3) 1737 (R) 040 $aSeMil$bita 245 10$aTome 5. 300 $a[12], 301, [93] p. 650 4$aApologetica.$0(OLS)http://semarc/subject/703 773 0 $aIlharat de la Chambre, François$tTraite de la veritable religion contre les athées, les déistes, les païens, les juifs, les mahometans & toutes les fausses religions. Tome 1. [-3.].$dA Paris : Chez Hippolyte-Louis Guérin rue Saint Jacques, à S. Thomas d'Aquin, 1737.$g5$w()26923 850 $aSeMil 852 $aSeMil$W1$xVenegono$y1$m2A I 68 FA$j164404$B164404$CSeMilBibl$Z2$F175422 $8I 996 $6245$aTome 5$9(OLS)http://semarc/title/1596 LEADER 00986nam a2200193 i 4500 001 000000038752 003 CaOOAMICUS 005 20140903000000.0 008 140903s1731 xx u000 u lat u 013 $a9360 026 $ar.n- a.n- uox- V.It (3) 1731 (R) 040 $aSeMil$bita 245 10$aTomus 1. 300 $a[76], 444 p., 7 carte di tav. ripieg. :$bill. 500 $aFront. stampato in rosso e nero. - Segn. : pigreco4 a-c8 d10 A-2D8 2E6. 773 0 $aTirinus, Jacobus <1580-1636>$tR.P. Jacobi Tirini .. In S. Scripturam commentarius duobus tomus comprehensus, quibus explicantur hoc primo post varia prolegomena Vetus fere Testamentum: altero 12. Prophetae minores, machabaeorum liber primus primus & secundus, & Novum Testamentum. Subnectuntur indices quinque.$dVenetiis : Apud Nicolaum Pezzana, 1731.$g1$w()30463 850 $aSeMil 852 $aSeMil$W1$xVenegono$y1$m2Y VI 6 FA$j4907$B4907$CSeMilBibl$Z2$F4907 $8I 996 $6245$aTomus 1$9(OLS)http://semarc/title/47282